000 01624nabaa22002537a 4500
999 _c6204
_d6204
003 OSt
005 20260125210358.0
008 190701b xxu||||| |||| 00| 0 spa d
040 _cPJ
100 _96934
_aDepetris, Francisco José
245 1 0 _aDescentralización administrativa y autarquía :
_bun abordaje sobre la responsabilidad del Estado central por la actuación de sus entidades autárquicas /
_cFrancisco José Depetris, Federico Martín Caula.
300 _ap. 118-126
500 _aCita: TR LALEY AR/DOC/2733/2024
505 _aSumario: I. La descentralización administrativa como herramienta de reparto de funciones estatales.— II. Autonomía y autarquía.— III. La responsabilidad estatal por la actuación de las entidades autárquicas.— IV. La responsabilidad del Estado central por las obligaciones de las entidades autárquicas. Regla general. Fundamentos propuestos.— V. Características de la responsabilidad.— VI. La evolución en la jurisprudencia de la provincia de Santa Fe.— VII. El enigma de la subsidiariedad.— VIII. Consideraciones finales.
505 _t¿Te interesa el texto completo? Comunicate al correo: koha@justierradelfuego.gov.ar
650 0 _9211
_aDERECHO ADMINISTRATIVO
650 0 _93177
_aREFORMA DEL ESTADO
650 0 _91135
_aPROCEDIMIENTO ADMINISTRATIVO
650 0 _91171
_aACTO ADMINISTRATIVO
650 0 _9802
_aDESCENTRALIZACION ADMINISTRATIVA
700 _96935
_aCaula, Federico Martín
773 0 _02842
_93251
_dBuenos Aires : AbeledoPerrot, 2012-
_oDA121
_tDerecho administrativo. Nº 156 noviembre/diciembre 2024
_z18510590
942 _2udc
_cANA